<?xml version="1.0" encoding="UTF-8"?>
<record
    xmlns:xsi="http://www.w3.org/2001/XMLSchema-instance"
    xsi:schemaLocation="http://www.loc.gov/MARC21/slim http://www.loc.gov/standards/marcxml/schema/MARC21slim.xsd"
    xmlns="http://www.loc.gov/MARC21/slim">

  <leader>00465nam a2200145Ia 4500</leader>
  <controlfield tag="008">230519s9999    xx            000 0 und d</controlfield>
  <datafield tag="020" ind1=" " ind2=" ">
    <subfield code="a">978-93-92242-06-9</subfield>
  </datafield>
  <datafield tag="041" ind1=" " ind2=" ">
    <subfield code="a">eng</subfield>
  </datafield>
  <datafield tag="082" ind1=" " ind2=" ">
    <subfield code="a">PS/610.7368/SON/DB0961</subfield>
  </datafield>
  <datafield tag="100" ind1=" " ind2=" ">
    <subfield code="a">Soni Meenakshi; Sharma Sonia &amp; Toshniwal Varun</subfield>
    <subfield code="9">180569</subfield>
  </datafield>
  <datafield tag="245" ind1=" " ind2=" ">
    <subfield code="a">Textbook of Mental Health Nursing for GNM Nursing Students</subfield>
  </datafield>
  <datafield tag="260" ind1=" " ind2=" ">
    <subfield code="b">Vision Health Sciences Publishers</subfield>
    <subfield code="a">Panjab</subfield>
    <subfield code="c">2021</subfield>
  </datafield>
  <datafield tag="300" ind1=" " ind2=" ">
    <subfield code="a">293p</subfield>
  </datafield>
  <datafield tag="999" ind1=" " ind2=" ">
    <subfield code="c">159545</subfield>
    <subfield code="d">159545</subfield>
  </datafield>
  <datafield tag="952" ind1=" " ind2=" ">
    <subfield code="0">0</subfield>
    <subfield code="1">0</subfield>
    <subfield code="4">0</subfield>
    <subfield code="7">0</subfield>
    <subfield code="8">PS</subfield>
    <subfield code="a">BTIN</subfield>
    <subfield code="b">BTIN</subfield>
    <subfield code="d">2022-04-16</subfield>
    <subfield code="g">390.00</subfield>
    <subfield code="i">55</subfield>
    <subfield code="l">21</subfield>
    <subfield code="m">12</subfield>
    <subfield code="o">PS 610.7368 SON DB0961</subfield>
    <subfield code="p">BTIN-DB-961</subfield>
    <subfield code="r">2025-08-16 00:00:00</subfield>
    <subfield code="s">2025-07-07</subfield>
    <subfield code="w">2022-04-16</subfield>
    <subfield code="y">DB</subfield>
    <subfield code="z">DB0961</subfield>
  </datafield>
  <datafield tag="952" ind1=" " ind2=" ">
    <subfield code="0">0</subfield>
    <subfield code="1">0</subfield>
    <subfield code="4">0</subfield>
    <subfield code="7">0</subfield>
    <subfield code="8">PS</subfield>
    <subfield code="a">BTIN</subfield>
    <subfield code="b">BTIN</subfield>
    <subfield code="d">2022-11-30</subfield>
    <subfield code="g">390.00</subfield>
    <subfield code="i">55</subfield>
    <subfield code="l">19</subfield>
    <subfield code="m">13</subfield>
    <subfield code="o">PS 610.7368 SON DB1058</subfield>
    <subfield code="p">BTIN-DB-1058</subfield>
    <subfield code="r">2025-11-21 16:36:18</subfield>
    <subfield code="s">2025-11-03</subfield>
    <subfield code="w">2022-04-16</subfield>
    <subfield code="y">DB</subfield>
    <subfield code="z">DB1058</subfield>
  </datafield>
</record>
